000 00724nam a2200253Ia 4500
003 OSt
005 20220928110351.0
006 a|||||r|||| 00| 0
007 ta
008 220927b |||||||| |||| 00| 0 eng d
024 _a53465
037 _cTextual
040 _aSDCL
_cSDCL
_beng
041 _2eng
_aeng
082 _aV2'P, P8
100 _aTuteja K L Ed.
_9419194
245 0 _aHistorical diversities
_bSociety,politics and culture
260 _aNew Delhi
_bManohar Publishers and Distributors
_c2008
300 _a468p
_ccm.
650 _aHistory
700 _a Pathania Sunita Ed.
_9419195
942 _hV2'P, P8
_cTEXL
_2CC
999 _c735253
_d735253